000 00367nam a2200133Ia 4500
005 20260328101456.0
008 260328s9999||||xx |||||||||||||| ||und||
100 _aObeso, Candelario
245 0 _aSanta Cruz de Mompox :
_b Poesía y Arquitectura /
_cCandelario Obeso
260 _bEditorSPatiño
300 _a252 p.
650 _aARQUITECTURA VERNACULAR
942 _cBK
999 _c8843
_d8843